History Quiz

Random History or Discovery Quiz

Was It a Hoax? Quiz Stats

 Plays Quiz Updated Nov 8, 2013

Challenge
Share
Tweet
Embed
Score 0/22 Timer 05:00
1 Play Today
Discovery (H)oax or (R)eal % Correct
Farmers in 1974 in Xi'an, China discovered 8,000 life-sized soldiers, 130 chariots, and 150 horses.???
79.2%
Quarry workers in Tarragona, Spain found March 9, 1850 the sarcophagus of Hercules, linking him to the Egyptians.???
77.8%
In 1924, Raymond Dart discovered Australopithecus, indicating hominids originated in Africa.???
75.1%
Hikers in the Alps found Europe's oldest naturally preserved mummy September 19, 1991.???
74.6%
Several artifacts with Egyptian hieroglyphics were found in Central Michigan in 1890.???
71.9%
Well diggers found a ten foot tall petrified man in Cardiff, New York on the property of William C. Newell, October 16 1869.???
71.5%
In 2003, archaeologists found a skeleton measuring 1.06 m (3' 7”) dating to about 12,000 years ago, on the Indonesian island of Flores.???
71%
Archaeologists found a clay fragment dating to the 14th century B.C. with cuneiform writing on it in Jerusalem in 2010.???
66.5%
During the California gold rush (1866), a human skull was found buried beneath million-year-old volcanic deposits.???
65.6%
In 2010, archaeologists found evidence of a circle made of wooden posts about half a mile away from Stonehenge.???
64%
While excavating a Middle Bronze Age palace, Arthur Evans found in 1900 clay tablets with a never-before seen language.???
60.4%
Discovery (H)oax or (R)eal % Correct
William Kelso found the partial remains of a human skull in a trash pile in Jamestown, indicating the colonists had to resort to cannibalism during the winter of 1609-1610.???
60%
Wooden writing tablets found at Vindolanda are the oldest handwritten documents in Britain.???
59.7%
Constantine Rafinesque translated wooden plaques he received in 1822, called the Walam Olum ('Red Record') which tell how the Lenape Native Americans crossed the Bering Strait.???
59.6%
Wolfgang Helbig found a gold fibula (dress pin) with a Latin inscription on it which dated to the 6th century B.C.???
55%
A man working in a gravel pit in Piltdown, East Sussex found pieces of a skull with a human-like cranium and an ape-like jaw in 1908.???
54.4%
Shinichi Fujimura found multiple stone artifacts about 570,000 years old, October 23, 2000.???
49.7%
A 2600-year-old mummy of the daughter of King Xerxes was found in Pakistan in 2000.???
48.7%
In 1901, an early precursor to the computer was found among a shipwreck dating to the early 1st century B.C.???
47.9%
Wilfrid Voynich purchased a manuscript in 1912 which dates to the early 15th century, but the script and language is unknown and it documents plants not resembling known species.???
47.5%
In 2003, the Bolton Museum purchased the 'Amarna Princess,' a 20 inch Egyptian statue dating to around 1350 B.C., for £439,767.???
45.9%
In 1895, Crimean peasants found a solid gold crown depicting Scythian daily life. The Louvre purchased the crown for 200,000 francs.???
44.1%

You're not logged in!

Compare scores with friends on all Sporcle quizzes.
OR
Log In

You Might Also Like...

Show Comments

Extras

Top Quizzes Today


Score Distribution

Your Account Isn't Verified!

In order to create a playlist on Sporcle, you need to verify the email address you used during registration. Go to your Sporcle Settings to finish the process.

Report this User

Report this user for behavior that violates our Community Guidelines.

Details: